000 01187nam a2200289Ia 4500
999 _c53520
_d53520
001 20566
003 GE_BSU
005 20210222001542.0
008 181216s2015||||ge |||||||||||||| || ||
020 _a9789941458903
040 _cGE_BSU
041 _ageo
080 _a61:54(075.8) ა-81
100 _aარზიანი, ბადრი
_910177
245 _aსამედიცინო ქიმია :
_bსახელმძღვანელო /
_cბადრი არზიანი ; რედ. ი. ჩიკვაიძე.
250 _aმე-2 გადამუშავებული გამოცემა
264 _aთბილისი :
_bინტელექტი,
_c2015.
300 _a287 გვ. :
_bილ. ;
_c29 სმ.
500 _a საგნობრ. საძიებ. გვ. 280-287
504 _aბიბლიოგრ. გვ. 279
541 _h24 ლ.
653 _aმედიცინა
653 _aსამედიცინო ქიმია
653 _aსახელმძღვანელო
700 _aჩიკვაიძე, ი.
_eრედაქტორი
_9502
942 _cBK
_2udc